Человек. Философские аспекты сознания и деятельности

التفاصيل البيبلوغرافية
مؤلف مشترك: Академия наук Белорусской ССР (АН БССР) Институт философии и права
مؤلفون آخرون: Широканов Д. И. (редактор), Петрущик А. И.
اللغة:الروسية
منشور في: Минск, Наука и техника, 1989
الموضوعات:
التنسيق: MixedMaterials كتاب
KOHA link:https://koha.lib.tpu.ru/cgi-bin/koha/opac-detail.pl?biblionumber=374188

MARC

LEADER 00000nam0a2200000 4500
001 374188
005 20231101051033.0
010 |a 5343000088 
020 |a RU  |b 89-77586 
035 |a (RuTPU)RU\TPU\retro\31622 
035 |a RU\TPU\book\225692 
090 |a 374188 
100 |a 20221219d1989 k y0rusy5003 ca 
101 0 |a rus 
102 |a BY 
105 |a y z 001zy 
200 1 |a Человек. Философские аспекты сознания и деятельности  |f Академия наук Белорусской ССР (АН БССР), Институт философии и права; под ред. Д. И. Широканова; А. И. Петрущика 
210 |a Минск  |c Наука и техника  |d 1989 
215 |a 208 с. 
320 |a Библиогр.: с. 203-207. 
610 1 |a философия 
610 1 |a человек 
610 1 |a сознание 
610 1 |a деятельность 
610 1 |a исследования 
610 1 |a мировоззрение 
686 |a А550.7  |2 rubbk 
702 1 |a Широканов  |b Д. И.  |4 340 
702 1 |a Петрущик  |b А. И.  |4 340 
712 0 2 |a Академия наук Белорусской ССР (АН БССР)  |b Институт философии и права  |2 stltpush  |3 (RuTPU)RU\TPU\col\11901 
801 0 |a RU  |b RuMRKP  |c 19960704  |g psbo 
801 1 |a RU  |b 63413507  |c 20120119 
801 2 |a RU  |b 63413507  |c 20221219  |g RCR 
942 |c BK